| 000 | 01034nam a2200265 i 4500 | ||
|---|---|---|---|
| 003 | DO-SdBNP | ||
| 005 | 20231031150445.0 | ||
| 006 | a||||gr|||| 00| 0 | ||
| 007 | ta | ||
| 008 | 231030e1962 rd a|||| |||| 00| m spa d | ||
| 040 |
_aDO-SdBNP _bspa _cBNPHU _erda |
||
| 082 | 4 |
_222 _bH542a |
|
| 245 | 1 | 0 |
_aAmigos de aquí y de allá. / _cZoraida Heredia de Suncar, Aida Rodríguez de Fernández, Vitalia Virginia Vicioso Sánchez; ilustrado por, Beth Wilson |
| 264 |
_aSanto Domingo : _b"Alianza para el Progreso", _c1962 |
||
| 300 |
_a136 páginas : _bIlustraciones ; _c22 cm. |
||
| 336 |
_2rdacontent _atexto _btxt |
||
| 337 |
_2rdamedia _asin mediación _bn |
||
| 338 |
_2rdacarrier _avolumen _bnc |
||
| 590 | _aInventariado 2023 / MF | ||
| 700 | 1 |
_aRodríguez de Fernández, Aida, _975010 _eautor |
|
| 700 | 1 |
_aVicioso Sánchez, Vitalia Virginia, _983881 _eautor |
|
| 700 | 1 |
_dWilson, Beth, _qilustrador _983882 |
|
| 710 | 2 |
_aSecretaría de Estado de Educción, Bellas Artes y Cultos (República Dominicana) _983885 |
|
| 942 |
_2ddc _cLBS1 |
||
| 999 |
_c55335 _d55335 |
||